00590nam a2200205Ia 4500003000400000005001700004008004100021040000700062041000800069082001500077100003000092245002700122260002000149300000900169650002000178700002700198942001300225999001900238952012700257OSt20260123120722.0250729s2003 xx 000 0 und d cAL aeng a020.2 GOKS aGovt of Karnataka9227895 aSocial science 8th std aBangalorec2003 a212p aHistory9227896 aGoo Digumurthi9227897 2ddccBED c237812d237812 00104070aALbALd2025-07-29eManagement Booksg6.00l0o020.2 GOKSpBED03131r2025-07-29 16:56:05v5.80w2025-07-29yBK